000 01086nam a22002657a 4500
005 20101206113148.0
008 101206t xxu||||| |||| 00| 0 hin d
010 _aHIN-91407
020 _c125.00
_a9789380405124
035 _aHN-63753
037 _bDBAD/PUB
040 _aDPL
_bHN
082 _a
100 _924598
_aगुप्ता, अजित
245 _aप्रेम का पाठः
_cअजित गुप्ता
_bलघुकथा संग्रह /
246 _aPrem ka path
_bby Ajit Gupta
260 _aजयपुर
_bग्रन्थ विकास
_c2011
270 _bजयपुर
_aसी-37, राजापार्क, आदर्श नगर
300 _a92पृ.
_c22सेमी (सजिल्द)
650 _91169
_aलघु कथा संग्रह
700 _924599
700 _924924
942 _2ddc
_cHN
_mगुप्ताअ
_h
999 _c49574
_d49574